000 00723nam a2200205 a 4500
003 0
005 20250214083446.0
008 120718s19uu xx 00 eng d
050 _aPGS GV 706.5
_b.M539 2012
100 _aMendoza, Adrian.
245 _aVarsity and family relationships /
_cMendoza, Adrian.
260 _aLas PiƱas City, Philippines :
_bSouthville International School and Colleges,
_c2012.
300 _a21 pages :
_billustrations ;
_c28 cm.
504 _aIncludes bibliographical references.
650 _aStudent-athletes
_vFamily relationships.
650 _aAthletes
_vEffect of family on.
650 _aSports and families.
650 _aSports participation
_vSocial aspects.
942 _2lcc
_cPASS
999 _c98705
_d98705